Adivina escudos FUTSAL - HAXARG - Estadísticas

Estadísticas generales
  • Esta prueba ha sido intentada 5 veces
  • La puntuación promedio es 29 de 78
Estadísticas de respuestas
Imagen Hint Respuesta % Correcto
x5, x7 Conurbano Munich Cones
100%
x3 Ferro Carril Oeste
100%
x4, x5 Ibis SC
100%
x3, x4, x5, x7 Los Porrinos Mágicos
100%
x7 Team Balanza
100%
x3 Voltage 707
100%
x5 Arsenal de Sarandí
67%
x5 CA Palmar Soriano
67%
x5 Estudiantes de LP
67%
x3, x4, x5 Exotic
67%
x7 FBC Melgar
67%
x3 Hasbulla Team
67%
x5 Instituto ACC
67%
x5 La Esquina FC
67%
x3, x4 Last Gen
67%
x4 Los Calderón FC
67%
x5 Molinobardo
67%
x3, x4, x5, x7 Pedy y sus Ratoncitos
67%
x7 Puñales HC
67%
x7 Real Potrero Haxball
67%
x5 San Puta
67%
x5 Sant'Agata
67%
x4, x5 SD Huesca
67%
x3 US Citta Di Palermo
67%
x4, x5 Villa San Carlos
67%
x3 616
33%
x7 Atlético Madrid
33%
x3 Black Jackalz
33%
x3, x4, x5, x7 Black Orbit
33%
x3 Blessed
33%
x3 CA Neuquen
33%
x3, x4 CA Tarzanito
33%
x5, x7 Deportes Tolima
33%
x3, x4, x7 Deportivo Municipal HC
33%
x3, x4, x5, x7 Dossier HC
33%
x3, x4, x5, x7 Estral
33%
x3 Hardy Boyz
33%
x7 Houston Dynamo FC
33%
x5 Iberia Los Angeles
33%
x3, x4, x5, x7 JyB FC
33%
x4, x5, x7 La Esquina de los Vagos
33%
x5 La Makina HT
33%
x5 La Paternal
33%
x3 Newell's Old Boys
33%
x5 New Era
33%
x4, x5 New York City
33%
x5 Real Furies
33%
x4 Sacra FC
33%
x3, x4, x5 San José
33%
x5 Schalke 04
33%
x3, x4, x5, x7 Swag United Team
33%
x3 The Black Team
33%
x3, x4, x5 Tribe Team
33%
x3 Unidade Popular
33%
x5 Vilardeboys
33%
x5 White Galaxy
33%
x4 1901
0%
x5, x7 9B
0%
x3 Arizona Cardinals
0%
x5 Carita FC
0%
x7 Carpinchos Juniors
0%
x7 Dark Empire HC
0%
x3 Donato Alonso Gang
0%
x4 Futdraft
0%
x3 Gen'Ei Ryodan
0%
x3 Grupoekipo
0%
x7 Pajaritos Hax Team
0%
x7 Porritos Mágicos Juniors
0%
x3, x4, x5 Quilmes Argentino Del Sur
0%
x4, x5 Red Velvet
0%
x5 Remgrano
0%
x3, x4 Royals Of War
0%
x3 Shirai Ryu
0%
x3 So Un Payaso
0%
x3, x4, x5 Sparta Rotterdam
0%
x3, x4 SV Elversberg
0%
x5 The Double Wings
0%
x3, x4, x7 Wawitas HC
0%
No se encontraron pruebas coincidentes
Distribución de puntuación
Porcentaje de gente con cada puntuación
Porcentaje por número respondido
Historial de tus puntuaciones
No has intentado esta prueba.